000 00599nam a2200205Ii 4500
003 JO-AjNU
008 230605s9999||||xx |||||||||||||| ||und||
017 _a2006/22697
040 _aJO-AjNU
_bara
_erda
_cJO-AjNU
041 _aara
050 1 4 _aRM216 2006
100 3 _aالعقباوي ، محمود,
_eauthor
_919528
245 0 0 _aالرجيم المثالي
264 3 1 _aالقاهرة:الدولية للنشر ، 2006
300 _a69ص
336 _atext
_btxt
_2rdacontent
337 _aunmediated
_bn
_2rdamedia
338 _avolume
_bnc
_2rdacarrier
650 4 _aالرجيم
_919529
999 _aA6460
_c10028
_d10028